Maping of Nitrate and Nitrites Pollutants in Drinking Water in District Shaheed Benazirabad (Thesis ME) (Record no. 69095)

MARC details
000 -LEADER
fixed length control field 00439nam a22001217a 4500
100 ## - MAIN ENTRY--AUTHOR NAME
Personal name Agha Aamir Raza
-- 21MEEE01
-- Supervisor - Prof Dr Kishan Chand Mukwana
245 ## - TITLE STATEMENT
Title Maping of Nitrate and Nitrites Pollutants in Drinking Water in District Shaheed Benazirabad (Thesis ME)
260 ## - PUBLICATION, DISTRIBUTION, ETC. (IMPRINT)
Place of publication Nawabshah
Name of publisher QUEST
Year of publication 2025
300 ## - PHYSICAL DESCRIPTION
Number of Pages 82p.
700 ## - ADDED ENTRY--PERSONAL NAME
Personal name Department of Environment Engineering
942 ## - ADDED ENTRY ELEMENTS (KOHA)
Koha item type Thesis and Dissertation
Holdings
Withdrawn status Lost status Home library Current library Date acquired Accession Number Koha item type
    Research Section Research Section 29/06/2026 MP/104-1563 Thesis and Dissertation
    Research Section Research Section 29/06/2026 MP/104-1564 Thesis and Dissertation